| 000 | 00000nas 2200000za 4500 |
|---|---|
| 001 | 9.861853 |
| 003 | CaOODSP |
| 005 | 20250403110125 |
| 007 | cr ||||||||||| |
| 008 | 180912u20002uuuonc x m o f000#b0fre|d |
| 040 | |aCaOODSP|bfre |
| 043 | |an-cn--- |
| 086 | 1 |aCS3-5F-PDF |
| 130 | 0 |aBulletin de service (Statistique Canada : En ligne) |
| 245 | 10|aBulletin de service |h[ressource électronique]. |
| 260 | |a[Ottawa] : |bStatistique Canada, |c[2000]- . |
| 310 | |aIrrégulier |
| 546 | |aTexte en français. |
| 710 | 2 |aStatistique Canada. |
| 775 | 08|tService bulletin |w(CaOODSP)9.861861 |